000 00626nam a2200229Ia 4500
003 OSt
005 20221006144549.0
006 a|||||r|||| 00| 0
007 ta
008 221006b |||||||| |||| 00| 0 eng d
024 _a11,982
037 _bGift,
_cTextual
040 _aEASL
_cEASL
_beng
041 _2eng
_aeng
082 _aV41xM98, M1.1;
100 _aZHOU Enlai
_9652270
245 0 _aSelected works of Zhou Enlai, Vol.1
260 _aBeijing
_bForeign Languages Press
_c1981
300 _a486p.
_ccm.
942 _hV41xM98, M1.1;
_cTEXL
_2CC
999 _c1080068
_d1080068